Semifinálová premiéra Plochodráhové MS dvojíc

Bibliographic Details
Main Author: (ij) (Author)
Format: Article
Language:Slovak
PhysicalDescription:Obr. 2.
Subjects:

MARC

LEADER 00000nab a2200000 a 4500
001 vtls000256740
003 SK-MaSNL
005 20260304120446.0
008 160201c1986 xo 0 slo
015 |a SNBRB19rr/mm-uuuuu 
035 |a CL0266854 
040 |a SNKBUCL  |b slo  |c SNKBUCL  |e AACR2 
041 0 |a slo 
044 |a xo  |c SK 
080 |a 796.72.093.1(100)  |2 1981 
100 1 |a (ij)  |4 aut  |9 849583 
245 1 0 |a Semifinálová premiéra  |b Plochodráhové MS dvojíc  |c (ij) 
300 |b Obr. 2. 
650 0 7 |a motocyklistika  |2 snkbucl  |9 74824 
651 7 |a 3606  |2 snkbucl  |9 921170 
655 7 |a články z novín a časopisov  |2 snkbucl  |9 267496 
773 0 |t Stop  |g Roč. 16, č. 14 (1986), s. 46 
850 |a Slovenská národná knižnica v Martine  |a MTA001 
852 |a SNK  |b KIS3GCP 
958 |a RK 
958 |a CZ 
992 |a RBX 
999 |c 2879986  |d 2881916